Indian thought through the ages : (Record no. 18457)
[ view plain ]
| 000 -LEADER | |
|---|---|
| fixed length control field | 00851nam a22002771 4500 |
| 001 - CONTROL NUMBER | |
| control field | 18457 |
| 003 - CONTROL NUMBER IDENTIFIER | |
| rucl marc code | BD-RjUL |
| 005 - DATE AND TIME OF LATEST TRANSACTION | |
| control field | 20211209000304.0 |
| 008 - FIXED-LENGTH DATA ELEMENTS--GENERAL INFORMATION | |
| fixed length control field | 140220s1961 nyn b 001 0 eng |
| 035 ## - SYSTEM CONTROL NUMBER | |
| System control number | (BD-RjUL)18515 |
| System control number | (OCoLC)873390 |
| 040 ## - CATALOGING SOURCE | |
| Original cataloging agency | DLC |
| Transcribing agency | OClU |
| Modifying agency | BD-RjUL |
| Language of cataloging | eng |
| 041 ## - LANGUAGE CODE | |
| Language code of text/sound track or separate title | eng |
| 082 ## - DEWEY DECIMAL CLASSIFICATION NUMBER | |
| Classification number | 181.4 |
| Author mark and year | GOI 1961 |
| 100 1# - MAIN ENTRY--PERSONAL NAME | |
| Personal name | Gokhale, Balkrishna Govind. |
| 9 (RLIN) | 56871 |
| 245 10 - TITLE STATEMENT | |
| Title | Indian thought through the ages : |
| Remainder of title | a study of some dominant concepts / |
| Statement of responsibility, etc. | Balkrishna Govind Gokhale |
| 260 ## - PUBLICATION, DISTRIBUTION, ETC. (IMPRINT) | |
| Place of publication, distribution, etc. | New York : |
| Name of publisher, distributor, etc. | Asia Pub. House, |
| Date of publication, distribution, etc. | c1961. |
| 300 ## - PHYSICAL DESCRIPTION | |
| Pagination | ix, 236 p. ; |
| Size | 23 cm. |
| 504 ## - BIBLIOGRAPHY, ETC. NOTE | |
| Bibliography, etc | Includes bibliographical reference and index. |
| 650 #0 - SUBJECT ADDED ENTRY--TOPICAL TERM | |
| Topical term or geographic name as entry element | Hindu philosophy |
| 9 (RLIN) | 5119 |
| Topical term or geographic name as entry element | Hindu civilization |
| 9 (RLIN) | 56872 |
| Topical term or geographic name as entry element | Religious thought |
| Geographic subdivision | India |
| 9 (RLIN) | 56873 |
| 942 ## - ADDED ENTRY ELEMENTS (KOHA) | |
| Source of classification or shelving scheme | Dewey Decimal Classification |
| Koha item type | Books |
| Lost status | Source of classification or shelving scheme | Damaged status | Not for loan | Collection code | Permanent Location | Current Location | Shelving location | Date acquired | Source of acquisition | Cost, normal purchase price | Total Checkouts | Full call number | Date last seen | Copy number | Koha item type |
|---|---|---|---|---|---|---|---|---|---|---|---|---|---|---|---|
| Dewey Decimal Classification | Non-fiction | Central Library, University of Rajshahi | Central Library, University of Rajshahi | 07/11/2067 | Sweets & Zaitlinger | 25.00 | 181.4 GOI 1961 | 20/02/2014 | C-11 | Books | |||||
| Dewey Decimal Classification | Non-fiction | Central Library, University of Rajshahi | Central Library, University of Rajshahi | 07/11/1967 | Zeitlinger | 25.00 | 181.4 GOI 1961 | 10/04/2014 | C-2 | Books | |||||
| Dewey Decimal Classification | Not For Loan | Non-fiction | Central Library, University of Rajshahi | Central Library, University of Rajshahi | Reading Room | 14/06/1965 | GREEN BOOK HOUSE | 11.00 | 181.4 GOI 1961 | 12/04/2014 | C-1 | Books | |||
| Dewey Decimal Classification | Non-fiction | Central Library, University of Rajshahi | Central Library, University of Rajshahi | 07/11/1967 | Sweets & Zeitlinger | 25.00 | 181.4 GOI 1961 | 15/04/2014 | C-4 | Books | |||||
| Dewey Decimal Classification | Non-fiction | Central Library, University of Rajshahi | Central Library, University of Rajshahi | 07/11/1967 | Sweets & Zeitlinger | 25.00 | 181.4 GOI 1961 | 15/04/2014 | C-5 | Books | |||||
| Dewey Decimal Classification | Non-fiction | Central Library, University of Rajshahi | Central Library, University of Rajshahi | 07/11/1967 | Sweet & Zeitlinger | 25.00 | 181.4 GOI 1961 | 15/04/2014 | C-9 | Books | |||||
| Dewey Decimal Classification | Non-fiction | Central Library, University of Rajshahi | Central Library, University of Rajshahi | 07/11/1967 | Sweet & Zeitlinger | 25.00 | 181.4 GOI 1961 | 15/04/2014 | C-10 | Books | |||||
| Dewey Decimal Classification | Non-fiction | Central Library, University of Rajshahi | Central Library, University of Rajshahi | 07/11/1967 | Sweets & Zeitlinger | 25.00 | 181.4 GOI 1961 | 16/04/2014 | C-3 | Books | |||||
| Dewey Decimal Classification | Non-fiction | Central Library, University of Rajshahi | Central Library, University of Rajshahi | 07/11/1967 | Sweets & Zeitlinger | 25.00 | 181.4 GOI 1961 | 16/04/2014 | C-8 | Books |